00425nam a2200181Ia 4500008004100000020001400041050001400055100002300069245002600092245002600118260001500144260001600159260000900175300001400184300002700198300001000225500000800235170918s9999 xx 000 0 und d a439287162 bD372 2000 aDemarest, Chris L. aFirefighters a to z / cby Chris L. Demarest. aNew York : bScholastic, c2000 aunpaged : bcolored illustration ; c30cm. a310